| 000 | 00362cam a2200145ua 4500 | ||
|---|---|---|---|
| 003 | OSt | ||
| 005 | 20260213113152.0 | ||
| 008 | 260213b |||||||| |||| 00| 0 eng d | ||
| 041 | _aeng | ||
| 082 |
_a028.7 663 _bRDP/IN |
||
| 245 | _aIndian agricultural directory / | ||
| 260 |
_aKerala : _bRashtra Deepika Publications , _c1965. |
||
| 300 | _a1000 ; . | ||
| 942 | _cBK | ||
| 999 |
_c394 _d394 |
||